| 000 | 00613nam a2200205Ia 4500 | ||
|---|---|---|---|
| 003 | GCL | ||
| 008 | 140319s9999 xx 000 0 ara d | ||
| 040 |
_aGCL / _cGCL |
||
| 082 | 0 | 4 |
_a191 _bز ك |
| 100 | 1 | _aزكريا ابراهيم | |
| 245 | 1 | 0 |
_aهيجل او المثالية المطلقة / _cزكريا ابراهيم |
| 260 |
_a[S.N] : _bمكتبة مصر ، _c1970 |
||
| 300 | _a475 ص | ||
| 490 |
_aعبقريات فلسفية _2_ _v0 |
||
| 650 | 0 | 4 | _aالفلسفة |
| 650 | 0 | 4 | _aالفلسفة الحديثة |
| 650 | 0 | 4 | _aهيجل |
| 650 | 0 | 4 | _aالفلسفة الغربية |
| 942 |
_2ddc _cBK |
||
| 999 |
_c34481 _d34481 |
||